000 00459cam a2200181ua 4500
020 _c1.50
041 _amal
_h
082 _a894.812301
_bRAM/BH
100 _aRaman nair, Vettoor .
245 _aBhoodhanam /
_cVettoor Raman nair.
_hTextual Documents
250 _a1 /
_b.
260 _aKottayam :
_bSahitya Pravarthaka Co-operative Society ,
_c1960.
300 _a104 ; .
365 _a1.50
504 _a
942 _cBK
999 _c12583
_d12583